书目信息 |
| 题名: |
磁电子学
|
|
| 作者: | 焦正宽 , 曹光旱 编著 | |
| 分册: | ||
| 出版信息: | 杭州 浙江大学出版社 2005.10 |
|
| 页数: | 520页 | |
| 开本: | 29cm | |
| 丛书名: | ||
| 单 册: | ||
| 中图分类: | TN01 | |
| 科图分类: | ||
| 主题词: | 磁电效应--ci dian xiao ying--电子学 | |
| 电子资源: | ||
| ISBN: | 7-308-04468-8 | |
| 000 | 00788nam0 2200229 450 | |
| 001 | 012006647226 | |
| 005 | 20060906111516.78 | |
| 010 | @a7-308-04468-8@dCNY68.00 | |
| 100 | @a20060610d2005 km y0chiy0120 ea | |
| 101 | 0 | @achi |
| 102 | @aCN@b330000 | |
| 105 | @aa z 000yy | |
| 200 | 1 | @a磁电子学@Aci dian zi xue@f焦正宽, 曹光旱编著@Fjiao zheng kuan,cao guang han bian zhu |
| 210 | @a杭州@c浙江大学出版社@d2005.10 | |
| 215 | @a520页@c图@d29cm | |
| 330 | @a全书分12章,讨论了各种材料体系的磁电阻效应及其机理、磁性—半导体一体化、强关联电子学以及磁电子学的应用等。 | |
| 606 | 0 | @a磁电效应@Aci dian xiao ying@x电子学 |
| 690 | @aTN01@v4 | |
| 701 | 0 | @a焦正宽@Ajiao zheng kuan@4编著 |
| 701 | 0 | @a曹光旱@Acao guang han@4编著 |
| 801 | 0 | @aCN@bQSSK@c20060906 |
| 905 | @a10447@dTN01@eJ671 | |
| 磁电子学/焦正宽, 曹光旱编著.-杭州:浙江大学出版社,2005.10 |
| 520页:图;29cm |
| ISBN 7-308-04468-8:CNY68.00 |
| 全书分12章,讨论了各种材料体系的磁电阻效应及其机理、磁性—半导体一体化、强关联电子学以及磁电子学的应用等。 |
| ● |
| 相关链接 |
|
|
|
正题名:磁电子学
索取号:TN01/J671
 
预约/预借
| 序号 | 登录号 | 条形码 | 馆藏地/架位号 | 状态 | 备注 |
| 1 | 584392 | 205843925 | 自科库301/301自科库 23排4列2层/ [索取号:TN01/J671] | 在馆 | |
| 2 | 584393 | 205843934 | 自科库301/301自科库 23排4列2层/ [索取号:TN01/J671] | 在馆 | |
| 3 | 584394 | 205843943 | 自科二线404/301自科库 17排1列4层/ [索取号:TN01/J671] | 在馆 |